Paroles Disney #4 - Statistiques

Statistiques générales
  • Ce quiz a été pris 1 013 fois
  • Le résultat moyen est 62 sur 161
Statistiques - réponses
Réponse % Correct
le
85%
Sous
78%
à
72%
la
69%
océan
60%
de
53%
Je
53%
je
53%
me
53%
ce
52%
Ce
52%
les
52%
dans
50%
Dans
50%
tu
50%
c'est
49%
et
49%
Et
49%
pas
48%
monde
46%
nous
45%
un
45%
Un
45%
moi
43%
ne
43%
une
42%
au
41%
plus
41%
Pour
41%
du
40%
40%
ton
40%
vie
40%
en
39%
suis
39%
toi
39%
bleu
38%
rêve
38%
vais
37%
aux
36%
ciel
36%
crois
36%
merveilleux
36%
n'y
36%
si
36%
tes
36%
Dis
35%
coeur
34%
couleur
34%
jamais
34%
bonheur
33%
deux
33%
dit
33%
mille
33%
princesse
33%
t'offrir
33%
yeux
33%
croire
32%
encore
32%
interdit
32%
merveilles
32%
n'as
32%
nouveau
32%
personne
32%
plein
32%
voyage
32%
délices
31%
fabuleux
31%
haut
31%
laissé
31%
parler
31%
pays
31%
Quand
31%
splendeurs
31%
cristal
30%
ouvrir
30%
sens
30%
cieux
29%
d'où
29%
légère
29%
Toute
29%
peux
28%
d'étoiles
27%
partageons
27%
Qui
27%
loin
25%
trop
25%
chavire
24%
viens
24%
vire
24%
retourner
23%
allée
22%
montée
22%
durera
18%
nuits
18%
délire
14%
vivons
14%
temps
10%
Infiniment
8%
Vers
8%
horizons
5%
Naviguons
4%
Aucun quiz correspondant
Distribution des résultats
% des personnes avec chaque résultat
Percentile par nombre de réponses
Votre historique - résultats
Vous n’avez pas pris ce quiz